Science Quiz

Random Science Quiz

Perl commands Quiz Stats

 Plays Quiz not verified by Sporcle

Challenge
Share
Tweet
Embed
Score 0/22 Timer 03:00
0 Plays Today
command command % Correct
after using a fileclose
68.6%
to use a file, firstly .... itopen
65.7%
show the outputprint
62.9%
show the output (formatted)printf
60%
to truncate the linechop
45.7%
to get a part of data from columnssplit
40%
to check whether elements are presentexists
40%
include anythinguse
37.1%
run UNIX in PERL???system
37.1%
to check if there is a valuedefined
34.3%
to concatenate the datajoin
28.6%
command command % Correct
to make the line properchomp
22.9%
most used type-castint
22.9%
why generate in order, generate ......random
20%
to find certain sequence in dataregular expression
17.1%
to get the result of the calculationreturn
17.1%
store the desired output string in arraysprintf
17.1%
least used type-castoct
14.3%
no show casedie
11.4%
better used in the simple prime-number calculationsqrt
11.4%
first take it then ........ itreverse
11.4%
type-cast for the machinehex
8.6%

You're not logged in!

Compare scores with friends on all Sporcle quizzes.
Join for Free
OR
Log In

You Might Also Like...

Show Comments

Extras

Created May 28, 2010ReportNominate
Tags:command, different

Top Quizzes Today


Score Distribution

Your Account Isn't Verified!

In order to create a playlist on Sporcle, you need to verify the email address you used during registration. Go to your Sporcle Settings to finish the process.

Report this User

Report this user for behavior that violates our Community Guidelines.

Details: